书目信息 |
| 题名: |
古兰经
|
|
| 作者: | 马坚 译 | |
| 分册: | ||
| 出版信息: | 北京 中国社会科学出版社 2003.06 |
|
| 页数: | 484页 | |
| 开本: | 22cm | |
| 丛书名: | ||
| 单 册: | ||
| 中图分类: | B961 | |
| 科图分类: | ||
| 主题词: | 古兰经--译文 | |
| 电子资源: | ||
| ISBN: | 7-5004-0677-0 | |
| 000 | 00822nam0 2200229 450 | |
| 001 | 010262539734 | |
| 005 | 20051014114345.81 | |
| 010 | @a7-5004-0677-0@b精装@dCNY35.00 | |
| 100 | @a20050710d2003 km y0chiy0120 ea | |
| 101 | 0 | @achi |
| 102 | @aCN@b110000 | |
| 105 | @ay z 000yy | |
| 200 | 1 | @a古兰经@Agu lan jing@f马坚译@Fma jian yi |
| 205 | @a第2版 | |
| 210 | @a北京@c中国社会科学出版社@d2003.06 | |
| 215 | @a484页@d22cm | |
| 330 | @a古兰经是伊斯兰教的根本经典, 在世界文化宝库中占有重要的地位。中国社科出版社于20世纪80年代初出版的马坚先生的汉译本, 一直畅销不衰, 并远布海外, 在国内外穆斯林中享有崇高的地位, 被沙特阿拉伯定为国际汉文《古兰经》钦定本。此次以全新的面貌面世。 | |
| 606 | 0 | @a古兰经@x译文 |
| 690 | @aB961@v4 | |
| 701 | 0 | @a马坚@Ama jian@4译 |
| 801 | 0 | @aCN@bQSSK@c20051014 |
| 905 | @a10447@dB961@eM076 | |
| 古兰经/马坚译.-第2版.-北京:中国社会科学出版社,2003.06 |
| 484页;22cm |
| ISBN 7-5004-0677-0(精装):CNY35.00 |
| 古兰经是伊斯兰教的根本经典, 在世界文化宝库中占有重要的地位。中国社科出版社于20世纪80年代初出版的马坚先生的汉译本, 一直畅销不衰, 并远布海外, 在国内外穆斯林中享有崇高的地位, 被沙特阿拉伯定为国际汉文《古兰经》钦定本。此次以全新的面貌面世。 |
| ● |
| 相关链接 |
|
|
|
正题名:古兰经
索取号:B961/M076
 
预约/预借
| 序号 | 登录号 | 条形码 | 馆藏地/架位号 | 状态 | 备注 |
| 1 | 574444 | 205744444 | 自科二线400A/400A自科库 10排4列3层/ [索取号:B961/M076] | 在馆 | |
| 2 | 574445 | 205744453 | 自科二线400A/422社科库 43排4列2层/ [索取号:B961/M076] | 在馆 | |
| 3 | 574446 | 205744462 | 自科二线400A/ [索取号:B961/M076] | 在馆 |